| 000 | 00763nam a2200229 a 4500 | ||
|---|---|---|---|
| 001 | 000022445 | ||
| 003 | AM-YEHGA | ||
| 005 | 20250617120912.0 | ||
| 008 | 001005s1984 ai | |||||||||||||arm d | ||
| 040 | _aAM-YeHGA | ||
| 041 | 0 | _aarm | |
| 100 | 1 | _aԲարսեղյան, Սամսոն Գևորգի | |
| 245 | 1 | 0 |
_aԽորդենի / _cՍ.Գ. Բարսեղյան և ուրիշ. |
| 260 |
_aԵրևան : _bՀայաստան , _c1984. |
||
| 300 | _a91 էջ | ||
| 650 | 1 | 4 | _aԲուսաբանություն |
| 700 | 1 | _aԼալաև, Հրանտ Բաղդասարի | |
| 700 | 1 | _aԱվագյան, Տիրգեն Տիգրանի | |
| 856 |
_uhttp://library.anau.am/images/stories/grqer/Gyughatntesutyun/barsexyan.pdf _yԿարդալ առցանց |
||
| 942 | _cBK | ||
| 090 | _c8682 | ||
| 999 |
_c8622 _d8622 |
||